00789nam a22001937a 4500003000400000005001700004008004100021020002200062040002900084050002100113100012200134245002300256260005100279300001000330650006800340942001500408952015500423999001700578OSt20250721160022.0250721b |||||||| |||| 00| 0 eng d a978-0-470-11124-6 cChuka University Library aHD 69b.P76 2008 aPortny, Stanley, Samuel J. Mantel, Jr., Jack R. Meredith, Scott M. Shafer, Margaret M. Sutton and Brian Kramer920101 aProject management aRiver Street, HobokenbJohn Wiley & Sonsc2008 a452p. a1. Project management---planning, scheduling and control920102 2lcccBKn0 00102lcc40708LGLaCHKbPGcGENd2025-07-21eDonation from Books for Africal0oHD 69 .P76 2008p27227/2025r2025-07-21 16:02:41t1w2025-07-21yBK c19725d19725